Extremity fractures associated with ATVs and dirt bikes: a 10-year national epidemiologic study

Saved in:  
Bibliographic Details
Authors: Lombardo, D.J. (Author) ; Sabesan, V.J. (Author) ; Whaley, J.D. (Author) ; Petersen-Fitts, G. (Author) ; Weisman, M. (Author) ; Gambone, A. (Author) ; Jelsema, T. (Author)
Format: Electronic Article
Language:English
Published: 2017
In: Musculoskeletal surgery
Year: 2017, Volume: 101, Issue: 2, Pages: 145-151
Online Access: Volltext (lizenzpflichtig)
Check availability: HBZ Gateway

MARC

LEADER 00000caa a22000002c 4500
001 1912553546
003 DE-627
005 20250115054954.0
007 cr uuu---uuuuu
008 241217s2017 xx |||||o 00| ||eng c
024 7 |a 10.1007/s12306-016-0445-9  |2 doi 
035 |a (DE-627)1912553546 
035 |a (DE-599)KXP1912553546 
040 |a DE-627  |b ger  |c DE-627  |e rda 
041 |a eng 
084 |a 2,1  |2 ssgn 
100 1 |a Lombardo, D.J.  |e VerfasserIn  |4 aut 
245 1 0 |a Extremity fractures associated with ATVs and dirt bikes: a 10-year national epidemiologic study 
264 1 |c 2017 
336 |a Text  |b txt  |2 rdacontent 
337 |a Computermedien  |b c  |2 rdamedia 
338 |a Online-Ressource  |b cr  |2 rdacarrier 
700 1 |a Sabesan, V.J.  |e VerfasserIn  |4 aut 
700 1 |a Whaley, J.D.  |e VerfasserIn  |4 aut 
700 1 |a Petersen-Fitts, G.  |e VerfasserIn  |4 aut 
700 1 |a Weisman, M.  |e VerfasserIn  |4 aut 
700 1 |a Gambone, A.  |e VerfasserIn  |4 aut 
700 1 |a Jelsema, T.  |e VerfasserIn  |4 aut 
773 0 8 |i Enthalten in  |t Musculoskeletal surgery  |d Milano : Springer, 2009  |g 101(2017), 2, Seite 145-151  |h Online-Ressource  |w (DE-627)602539625  |w (DE-600)2500875-4  |w (DE-576)337573581  |x 2035-5114  |7 nnas 
773 1 8 |g volume:101  |g year:2017  |g number:2  |g pages:145-151 
787 0 8 |i Forschungsdaten  |a United States Department of Health and Human Services. Centers for Disease Control and Prevention. National Center for Injury Prevention and Control  |t National Electronic Injury Surveillance System All Injury Program, 2011  |d [Erscheinungsort nicht ermittelbar] : [Verlag nicht ermittelbar], 2014  |w (DE-627)1840046554 
787 0 8 |i Forschungsdaten  |a United States Department of Health and Human Services. Centers for Disease Control and Prevention. National Center for Injury Prevention and Control  |t National Electronic Injury Surveillance System All Injury Program, 2010  |d [Erscheinungsort nicht ermittelbar] : [Verlag nicht ermittelbar], 2013  |w (DE-627)1840048239 
787 0 8 |i Forschungsdaten  |a United States Department of Health and Human Services. Centers for Disease Control and Prevention. National Center for Injury Prevention and Control  |t National Electronic Injury Surveillance System All Injury Program, 2009  |d [Erscheinungsort nicht ermittelbar] : [Verlag nicht ermittelbar], 2013  |w (DE-627)1840048255 
787 0 8 |i Forschungsdaten  |a United States Department of Health and Human Services. Centers for Disease Control and Prevention. National Center for Injury Prevention and Control  |t National Electronic Injury Surveillance System All Injury Program, 2008  |d [Erscheinungsort nicht ermittelbar] : [Verlag nicht ermittelbar], 2011  |w (DE-627)1840050098 
787 0 8 |i Forschungsdaten  |a United States Department of Health and Human Services. Centers for Disease Control and Prevention. National Center for Injury Prevention and Control  |t National Electronic Injury Surveillance System All Injury Program, 2007  |d [Erscheinungsort nicht ermittelbar] : [Verlag nicht ermittelbar], 2010  |w (DE-627)1840054077 
856 4 0 |u https://doi.org/10.1007/s12306-016-0445-9  |x Resolving-System  |z lizenzpflichtig  |3 Volltext  |7 1 
935 |a mkri 
951 |a AR 
ELC |a 1 
LOK |0 000 xxxxxcx a22 zn 4500 
LOK |0 001 4637519047 
LOK |0 003 DE-627 
LOK |0 004 1912553546 
LOK |0 005 20241217044451 
LOK |0 008 241217||||||||||||||||ger||||||| 
LOK |0 035   |a (DE-2619)ICPSR124760 
LOK |0 040   |a DE-2619  |c DE-627  |d DE-2619 
LOK |0 092   |o n 
LOK |0 852   |a DE-2619 
LOK |0 852 1  |9 00 
LOK |0 935   |a nacp 
LOK |0 939   |a 17-12-24  |b l01 
ORI |a SA-MARC-krimdoka001.raw